| 000 | 00428nam a2200145Ia 4500 | ||
|---|---|---|---|
| 008 | 220204s9999 xx 000 0 und d | ||
| 082 |
_aNR:058:338.31995 _bKUR |
||
| 245 | 0 | _aRubber industry companion 1995 : Produce,products,supplies and services | |
| 250 | _aEd.2 | ||
| 260 |
_aKottayam _bPhilips Publishers _c1995 |
||
| 650 | _aRubber goods industry | ||
| 650 | _aRubber plantation | ||
| 700 | _aKuryan, Kuryan | ||
| 942 | _cBK | ||
| 999 |
_c40873 _d40873 |
||